[Event "Mancha Real op"]
[Site "Mancha Real"]
[Date "2001.??.??"]
[Round "5"]
[White "Martos Exposito, Manuel"]
[Black "Millan Urrutia, Juan Antonio"]
[Result "1-0"]
[WhiteElo "2016"]
[BlackElo "2022"]
[PlyCount "84"]
[EventDate "2001.??.??"]
[EventType "swiss"]
[EventRounds "9"]
[EventCountry "ESP"]
[SourceTitle "EXT 2002"]
[Source "ChessBase"]
[SourceDate "2001.11.25"]
[SourceVersion "1"]
[SourceVersionDate "2001.11.25"]
[SourceQuality "1"]

1. e4 e5 2. Bc4 Nf6 3. d3 Nc6 4. Nf3 Be7 5. c3 0-0 6. 0-0 d6 7. Bb3 h6 8. h3 Nh7 9. Nbd2 Kh8 10. d4 Ng5 11. Nxg5 Bxg5 12. dxe5 dxe5 13. Qe2 Bf4 14. Nc4 Qg5 15. Qf3 Bxc1 16. Raxc1 f5 17. Ne3 Ne7 18. Rcd1 Ng6 19. Qg3 Qh5 20. exf5 Bxf5 21. Nxf5 Rxf5 22. Rd7 Rg5 23. Bd1 Qh4 24. Qxh4 Nxh4 25. g3 e4 26. Kh2 Nf3+ 27. Bxf3 exf3 28. Re1 a5 29. g4 h5 30. Kg3 Rf8 31. Re4 Rg6 32. Rxc7 b6 33. Rb7 Rff6 34. Re5 hxg4 35. hxg4 Kg8 36. g5 Kh7 37. Kg4 Rf8 38. Rb5 Rff6 39. a4 Rd6 40. Kxf3 Rd3+ 41. Kg4 Rdd6 42. f4 Rc6 1-0

[Event "Mancha Real op 3rd"]
[Site "Mancha Real"]
[Date "2000.07.24"]
[Round "6"]
[White "Ruiz Jimenez, Francisco Jose"]
[Black "Martos Exposito, Manuel"]
[Result "0-1"]
[WhiteElo "2101"]
[BlackElo "2016"]
[PlyCount "118"]
[EventDate "2000.07.17"]
[EventType "swiss"]
[EventRounds "9"]
[EventCountry "ESP"]
[SourceTitle "EXT 2001"]
[Source "ChessBase"]
[SourceDate "2000.11.22"]
[SourceVersion "1"]
[SourceVersionDate "2000.11.22"]
[SourceQuality "1"]

1. e4 d6 2. d4 g6 3. Nc3 Bg7 4. Be3 a6 5. Qd2 b5 6. Bd3 Bb7 7. a4 b4 8. Nce2 a5 9. Nf3 h6 10. Ng3 Nd7 11. 0-0 e6 12. c3 bxc3 13. bxc3 Ne7 14. Rab1 Qc8 15. Rb2 Ba6 16. Rfb1 Nf6 17. Bxa6 Qxa6 18. Rb8+ Kd7 19. R8b7 Ng4 20. Bf4 g5 21. Nh5 Rhg8 22. Bg3 f5 23. exf5 exf5 24. h3 f4 25. Bxf4 Nxf2 26. Kxf2 gxf4 27. Qxf4 Raf8 28. Qg4+ Nf5 29. Qe4 Qc6 30. Qxc6+ Kxc6 31. R7b5 Bh8 32. Rxa5 Nh4 33. Rg1 Nxf3 34. gxf3 Rxg1 35. Kxg1 Rxf3 36. c4 Rxh3 37. d5+ Kd7 38. Nf4 Rh4 39. Ne6 Rxc4 40. Kf2 Bf6 41. Ra8 Be7 42. Rh8 c5 43. Rxh6 Rxa4 44. Ke3 Ke8 45. Kd3 Kf7 46. Kc3 Bf6+ 47. Kc2 c4 48. Rh7+ Kg6 49. Rc7 Ra2+ 50. Kb1 Rb2+ 51. Kc1 c3 52. Nf4+ Kg5 53. Nd3 Rd2 54. Nb4 Kf5 55. Rc4 Bg5 56. Kb1 Rb2+ 57. Ka1 Bf6 58. Nd3 Rd2 59. Nb4 c2+ 0-1

[Event "Mancha Real op 3rd"]
[Site "Mancha Real"]
[Date "2000.07.20"]
[Round "4"]
[White "Martos Exposito, Manuel"]
[Black "Manzaneda Avila, Pedro"]
[Result "1/2-1/2"]
[WhiteElo "2016"]
[BlackElo "2099"]
[PlyCount "60"]
[EventDate "2000.07.17"]
[EventType "swiss"]
[EventRounds "9"]
[EventCountry "ESP"]
[SourceTitle "EXT 2001"]
[Source "ChessBase"]
[SourceDate "2000.11.22"]
[SourceVersion "1"]
[SourceVersionDate "2000.11.22"]
[SourceQuality "1"]

1. e4 d5 2. exd5 Nf6 3. c4 e6 4. dxe6 Bxe6 5. Nf3 c5 6. Be2 Nc6 7. 0-0 Qd7 8. a3 0-0-0 9. b4 Nd4 10. Nxd4 Qxd4 11. Qb3 Bd6 12. Bb2 Qh4 13. g3 Qh3 14. bxc5 Bg4 15. Bf3 Bxf3 16. Qxf3 Bxc5 17. Bxf6 gxf6 18. Nc3 Rhg8 19. Rab1 Rd7 20. Nd5 Bd4 21. Rb3 Rg5 22. Re1 Rdxd5 23. cxd5 Rf5 24. Rc1+ Kd8 25. Qg2 Qg4 26. d6 Rxf2 27. Qxb7 Rxd2+ 28. Kh1 Rxh2+ 29. Kxh2 Qh5+ 30. Kg2 Qe2+ 1/2-1/2

[Event "Mancha Real op 3rd"]
[Site "Mancha Real"]
[Date "2000.07.19"]
[Round "3"]
[White "Cobo Prados, Nicolas"]
[Black "Martos Exposito, Manuel"]
[Result "1-0"]
[WhiteElo "2138"]
[BlackElo "2016"]
[PlyCount "84"]
[EventDate "2000.07.17"]
[EventType "swiss"]
[EventRounds "9"]
[EventCountry "ESP"]
[SourceTitle "EXT 2001"]
[Source "ChessBase"]
[SourceDate "2000.11.22"]
[SourceVersion "1"]
[SourceVersionDate "2000.11.22"]
[SourceQuality "1"]

1. e4 c5 2. Nf3 Nc6 3. Bc4 e6 4. Nc3 a6 5. a4 Be7 6. 0-0 d6 7. d4 cxd4 8. Nxd4 Nf6 9. Bb3 Qc7 10. Be3 b6 11. Nxc6 Qxc6 12. a5 b5 13. f3 0-0 14. Qe2 Bb7 15. Rfd1 Rac8 16. Qf2 Nd7 17. Ne2 Nc5 18. Nd4 Qc7 19. Qg3 Rfd8 20. c3 Bf6 21. Bc2 Nd7 22. Ne2 Ne5 23. Bb6 Qc4 24. Bxd8 Bxd8 25. Nd4 Bc7 26. f4 Nd7 27. Kh1 g6 28. Bb3 Qc5 29. Nxe6 fxe6 30. Bxe6+ Kg7 31. Bxd7 Rf8 32. Qg5 Qxg5 33. fxg5 Bxe4 34. Rf1 Bb7 35. Rxf8 Kxf8 36. Bg4 d5 37. Bf3 Ke7 38. b3 Be5 39. Rc1 Bf4 40. Rd1 b4 41. c4 Bxg5 42. Bxd5 Bc8 1-0

[Event "Mancha Real op 3rd"]
[Site "Mancha Real"]
[Date "2000.07.18"]
[Round "2"]
[White "Baron Rodriguez, Jorge"]
[Black "Martos Exposito, Manuel"]
[Result "1-0"]
[WhiteElo "2250"]
[BlackElo "2016"]
[PlyCount "37"]
[EventDate "2000.07.17"]
[EventType "swiss"]
[EventRounds "9"]
[EventCountry "ESP"]
[SourceTitle "EXT 2001"]
[Source "ChessBase"]
[SourceDate "2000.11.22"]
[SourceVersion "1"]
[SourceVersionDate "2000.11.22"]
[SourceQuality "1"]

1. d4 d6 2. Nf3 Bg4 3. c4 e5 4. dxe5 Nc6 5. exd6 Bxd6 6. g3 Qe7 7. Bg2 Rd8 8. Qa4 Nf6 9. 0-0 0-0 10. Nc3 Rfe8 11. Bg5 Qe6 12. Nd5 Be7 13. Nxc7 Qxe2 14. Rfe1 Qxb2 15. Rab1 Qc3 16. Re3 Rd3 17. Nxe8 Bxf3 18. Bxf3 Ne4 19. Bxe4 1-0

[Event "Mancha Real-B 2nd"]
[Site "Mancha Real"]
[Date "1999.??.??"]
[Round "7"]
[White "Guerrero Alvarez, Rafael"]
[Black "Martos Exposito, Manuel"]
[Result "1-0"]
[WhiteElo "2240"]
[BlackElo "2110"]
[PlyCount "51"]
[EventDate "1999.??.??"]
[EventType "tourn"]
[EventRounds "9"]
[EventCountry "ESP"]
[EventCategory "1"]
[SourceTitle "EXT 2000"]
[Source "ChessBase"]
[SourceDate "1999.11.16"]
[SourceVersion "1"]
[SourceVersionDate "1999.11.16"]
[SourceQuality "1"]

1. e4 c5 2. c3 Qa5 3. Nf3 Nc6 4. g3 g6 5. Bg2 Bg7 6. 0-0 e5 7. Na3 a6 8. d4 cxd4 9. cxd4 exd4 10. e5 Nge7 11. Nc4 Qc5 12. Nd6+ Kf8 13. b4 Qxb4 14. Bf4 Nd5 15. a3 Qc5 16. Rc1 Nc3 17. Qb3 Nd8 18. Nxd4 Bxe5 19. Qxc3 Qxd6 20. Bxe5 Qe7 21. Bxh8 f6 22. Rfe1 Qf7 23. Qc5+ Kg8 24. Bd5 Ne6 25. Bxe6 dxe6 26. Qxc8+ 1-0